Score 0/13 Timer 02:30
0 Plays Today
% Correct
Seven
98.1%
Ten
96.1%
Ace
96%
King
91.9%
Nine
91.3%
Jack
90%
Four
89.3%
Three
84.2%
Six
83.9%
Eight
83%
Queen
82.1%
Five
78.2%
Two
56.6%

You're not logged in!

Compare scores with friends on all Sporcle quizzes.
OR
Log In

Sporcle TV

Today on Sporcle TV


Watch our educational content, quiz creation guides, and fun videos on Sporcle TV.

Show Comments

Extras

Top Quizzes Today


Score Distribution

Paid Content

Your Account Isn't Verified!

In order to create a playlist on Sporcle, you need to verify the email address you used during registration. Go to your Sporcle Settings to finish the process.

Report this User

Report this user for behavior that violates our Community Guidelines.

Details: